• 首页
  • 本馆介绍
  • 公告通知
  • 最新文献
  • 馆藏检索
  • 电子资源
  • 读者导购
  • 参考咨询
  • 我的图书馆
  • 登录
  • 详细信息显示
  • 放入我的书架
  • 预约/预借图书
  • 作者相关作品
  • 分类相关作品
  • 丛书相关作品
  • 出版社相关作品

书目信息

  • 表格格式
  • 工作单格式
  • 卡片格式
题名:
宫颈癌患者护理与家庭照顾
    
 
作者: 苏伟才 主编
分册:  
出版信息: 北京   中国协和医科大学出版社  2016
页数: 10,154页
开本: 23cm
丛书名: 国家癌症中心肿瘤专家答疑丛书
单 册:
中图分类: R737.33 , R473.33
科图分类:
主题词: 子宫颈疾病--癌--康复 , 子宫颈疾病--癌--护理
电子资源:
ISBN: 978-7-5679-0525-2
000 01001oam2 2200289 450
001 0104074377
005 20170713134908.0
010    @a978-7-5679-0525-2@dCNY45.00
100    @a20170111d2016 em y0chiy0120 ea
101 0  @achi
102    @aCN@b110000
105    @aa z 000yy
106    @ar
200 1  @a宫颈癌患者护理与家庭照顾@9Gong Jing;Geng Ai Huan Zhe Hu Li Yu Jia;Jie Ting Zhao Gu @f苏伟才主编@b专著
210    @a北京@c中国协和医科大学出版社@d2016
215    @a10,154页@c彩图@d23cm
225 2  @a国家癌症中心肿瘤专家答疑丛书
330    @a本书作者根据临床工作中患者、患者亲属常常提出的问题,设置了治疗与护理篇、营养与饮食篇、用药篇、心理帮助篇、功能康复篇、日常生活与复查篇等六个部分。
461  0 @1001007140602
606 0  @a子宫颈疾病@x癌@x康复
606 0  @a子宫颈疾病@x癌@x护理
690    @aR737.33@v5
690    @aR473.33@v5
701  0 @a苏伟才@c(女)@9su wei cai@4主编
801  2 @aCN@bOLCC@c20170411
801  0 @aCN@bzjlib@c20170203
905    @aBZT@dR737@e11@f4@sR737/11
    
    宫颈癌患者护理与家庭照顾/苏伟才主编.-北京:中国协和医科大学出版社,2016
    10,154页:彩图;23cm.-(国家癌症中心肿瘤专家答疑丛书)
    
    
    ISBN 978-7-5679-0525-2:CNY45.00
    本书作者根据临床工作中患者、患者亲属常常提出的问题,设置了治疗与护理篇、营养与饮食篇、用药篇、心理帮助篇、功能康复篇、日常生活与复查篇等六个部分。
●
相关链接 在五车中查询图书 在当当中查询图书 在豆瓣中查询图书


正题名:宫颈癌患者护理与家庭照顾     索取号:R737/11         预约/预借

序号 登录号 条形码 馆藏地/架位号 状态 备注
1 2000002746   2000002746   旧书回溯/ [索取号:R737/11] 在馆    
2 2000002747   2000002747   旧书回溯/ [索取号:R737/11] 在馆    
3 2000002748   2000002748   旧书回溯/ [索取号:R737/11] 在馆    
4 2000002749   2000002749   旧书回溯/ [索取号:R737/11] 在馆    
山东省滨州职业学院图书馆 欢迎您!
大连网信软件有限公司© 版权所有